[Event "Iberoamerican-ch 8th"]
[Site "Mexico City"]
[Date "2022.02.14"]
[Round "4"]
[White "Zacarias, Rodrigo Medeiros"]
[Black "Munoz Ricardo, Wazdin Antonio"]
[Result "1-0"]
[WhiteElo "2174"]
[BlackElo "1745"]
[PlyCount "59"]
[EventDate "2022.02.12"]
[EventType "swiss"]
[EventRounds "9"]
[EventCountry "MEX"]
[SourceTitle "CBM 206 Extra"]
[Source "ChessBase"]
[SourceDate "2022.03.31"]
[SourceVersion "1"]
[SourceVersionDate "2022.03.31"]
[SourceQuality "1"]

1. e4 c5 2. Nf3 e6 3. d4 cxd4 4. Nxd4 a6 5. Bd3 Nc6 6. Nxc6 bxc6 7. 0-0 Bc5 8. Kh1 h5 9. e5 Ne7 10. Nd2 d5 11. exd6 Bxd6 12. Ne4 Bc7 13. b3 Nd5 14. Ba3 Be5 15. c4 Nf4 16. Bc2 Qxd1 17. Raxd1 Bb7 18. Bd6 f5 19. Bxe5 fxe4 20. Bxf4 c5 21. Be3 Rc8 22. Rd6 0-0 23. Rxe6 Rc7 24. Rd1 Bc8 25. Re5 Bg4 26. Rd6 a5 27. h3 Bc8 28. Bxe4 a4 29. Bd5+ Rcf7 30. Re7 1-0